The Columbia-Viking desk encyclopedia :
محفوظ في:
المؤلف الرئيسي:
التنسيق: كتاب
اللغة: Undetermined
منشور في:
New York :
Viking Press,
1953.
الموضوعات:
الوسوم: إضافة وسم
لا توجد وسوم, كن أول من يضع وسما على هذه التسجيلة!
رقم الطلب: (Ref.) AG5 .C726
| LEADER | 00565nam a2200145Ia 4500 | ||
|---|---|---|---|
| 008 | 220712s9999||||xx |||||||||||||| ||und|| | ||
| 050 | 4 | |a (Ref.) AG5 .C726 | |
| 100 | 1 | |a Bridgewater, William, ed. | |
| 245 | 1 | 4 | |a The Columbia-Viking desk encyclopedia : |
| 264 | 1 | |a New York : |b Viking Press, |c 1953. | |
| 300 | |a viii, 1092p. : |b illus., maps (part col.) ; |c 27cm. | ||
| 555 | 4 | |o (Ref.) AG5 .C726 | |
| 650 | 4 | |a Encyclopedias and dictionaries. | |
| 952 | |0 0 |1 0 |2 lcc |4 0 |7 1 |9 41803 |a ARCE |b ARCE |d 2022-07-21 |l 0 |o (Ref.) AG5 .C726 |p 1033405 |r 2022-07-21 00:00:00 |w 2022-07-21 |y BK | ||
| 999 | |c 48782 |d 48782 | ||
